000 01150nam a22002537a 4500
005 20240305165502.0
007 cr|||| ||||
008 180320s2017 es |||||s|||| 00||0 spa d
020 _a978-84-9148-181-2
035 _a21097
040 _avLex
090 _c7501
_d7501
100 1 _aSerrano Gómez, Alfonso
245 1 0 _aConstitucionalidad de la prisión permanente revisable y razones para su derogación
_h[Recurso electrónico] /
_cAlfonso Serrano Gómez, Isabel Serrano Maíllo
256 _aServicio en línea
260 _aMadrid:
_bDykinson,
_c2017
300 _a1 recurso electrónico
506 1 _aDisponible solo en los productos indicados
_dvLex Global
_dvLex Global (Academic Edition, excluding Law Schools)
_dvLex Global (U.S. Academic Edition, Law Schools)
_dvLex Global (U.S. Academic Edition, excluding Law Schools)
_dvLex Global (Academic Edition, Law Schools)
650 0 4 _aDerecho Civil
_zEspaña
700 1 _aSerrano Maíllo, Isabel
740 0 _avLex Libros (Servicio en línea)
856 4 0 _uhttps://app.vlex.com/#/sources/constitucionalidad-prision-permanente-revisable-razones-derogacion-21097
942 _cRAA
999 _c165739
_d165739